FIFA 2022 World Cup Table (in order) - Statistics

General Stats
  • This quiz has been taken 25 times
  • The average score is 23 of 32
Answer Stats
# Continent Group A GD PTS % Correct
4 North America Costa Rica -8 3
86%
1 Europe Netherlands +4 7
86%
3 Europe Belgium -1 4
82%
3 Europe Germany +1 4
82%
1 Africa Morocco +3 7
82%
2 Europe Spain +6 4
82%
1 South America Argentina +3 6
77%
1 South America Brazil +2 6
77%
2 Europe Croatia +3 5
77%
1 Europe England +7 7
77%
1 Asia Japan +1 6
77%
3 North America Mexico -1 4
77%
4 Asia Qatar -6 0
77%
2 Asia South Korea 0 4
77%
3 South America Uruguay 0 4
77%
3 South America Ecuador +1 4
73%
1 Europe France +3 6
73%
3 Asia Iran -3 3
73%
1 Europe Portugal +2 6
73%
2 Africa Senegal +1 6
73%
2 Europe Switzerland +1 6
73%
2 North America USA +1 5
73%
2 Oceania Australia -1 6
68%
4 Asia Saudi Arabia -2 3
68%
4 Europe Wales -5 1
68%
2 Europe Poland 0 4
64%
4 North America Canada -5 0
59%
4 Africa Ghana -2 3
59%
3 Africa Cameroon 0 4
55%
4 Europe Denmark -2 1
55%
4 Europe Serbia -3 1
55%
3 Africa Tunisia 0 4
50%
No matching quizzes found
Score Distribution
Percent of People with Each Score
Percentile by Number Answered
Your Score History
You have not taken this quiz